The Negro woman worker, (Record no. 36281)

MARC details
000 -LEADER
fixed length control field 00886cam a22002411 4500
001 - CONTROL NUMBER
control field l 39000007
003 - CONTROL NUMBER IDENTIFIER
control field DLC
005 - DATE AND TIME OF LATEST TRANSACTION
control field 20260227111536.0
008 - FIXED-LENGTH DATA ELEMENTS--GENERAL INFORMATION
fixed length control field 790202s1938 xx 000 0 eng c
010 ## - LIBRARY OF CONGRESS CONTROL NUMBER
LC control number l 39000007
035 ## - SYSTEM CONTROL NUMBER
System control number (OCoLC)4614231
040 ## - CATALOGING SOURCE
Original cataloging agency U.S. Dept. of Labor. Libr.
Transcribing agency OCl
Modifying agency OCoLC
-- DLC
050 00 - LIBRARY OF CONGRESS CALL NUMBER
Classification number HD6093
Item number .A35 no. 165
082 ## - DEWEY DECIMAL CLASSIFICATION NUMBER
Classification number 331.406173 s
100 1# - MAIN ENTRY--PERSONAL NAME
Personal name Brown, Jean Collier,
Titles and words associated with a name Mrs.
245 14 - TITLE STATEMENT
Title The Negro woman worker,
Statement of responsibility, etc. By Jean Collier Brown.
260 ## - PUBLICATION, DISTRIBUTION, ETC.
Place of publication, distribution, etc. Washington,
Name of publisher, distributor, etc. U.S. Govt. print. off.,
Date of publication, distribution, etc. 1938.
300 ## - PHYSICAL DESCRIPTION
Extent v, 17 p.
Other physical details pl.
Dimensions 23 cm.
490 0# - SERIES STATEMENT
Series statement Bulletin of the [U.S.] Women's bureau,
Volume/sequential designation no. 165
500 ## - GENERAL NOTE
General note At head of title: United States Department of labor. Frances Perkins, secretary. Women's bureau. Mary Anderson, director.
504 ## - BIBLIOGRAPHY, ETC. NOTE
Bibliography, etc. note "Selected references on Negro women worker": p. 16-17.
650 #0 - SUBJECT ADDED ENTRY--TOPICAL TERM
Topical term or geographic name entry element African American women.

No items available.

Powered by Koha